| 000 | 00599nam a2200181 i 4500 | ||
|---|---|---|---|
| 001 | 23429 | ||
| 003 | ES-MaACL | ||
| 007 | t| | ||
| 008 | 021210s1967 sp ||||1| spa d | ||
| 100 | 1 |
_aAllen, Richard V. _920001 |
|
| 245 | 1 | 1 |
_a¿Paz o coexistencia pacífica? / _cRichard V. Allen ; prólogo de Bertram D. Wolfe ; [traducción de Vicente Batlles Campos]. |
| 250 | _a[1ª ed.]. | ||
| 260 |
_aMadrid : _bEditora Nacional, _c1967. |
||
| 300 |
_aXXIV, 143 p. ; _c24 cm. |
||
| 700 | 1 |
_aBatlles Campos, Vicente. _926454 |
|
| 700 | 1 |
_aWolfe, Bertram D. _9117244 |
|
| 852 |
_aES-MaACL _jG-4519 _bR.65507 |
||
| 999 |
_c23429 _d23429 |
||